| 000 | 00396nam a2200169Ia 4500 | ||
|---|---|---|---|
| 003 | GCL | ||
| 008 | 140319s9999 xx 000 0 eng d | ||
| 040 |
_aGCL / _cGCL |
||
| 082 | 0 | 4 |
_a641.338 _bS S |
| 100 | 1 | _aSVOBODA, MARIA | |
| 245 | 1 | 0 |
_aSPICES / _cSVOBODA, MARIA |
| 260 |
_a[S.N] : _bMUSEUM STORY BOOK ، _c1961 |
||
| 300 | _a20P | ||
| 650 | 0 | 4 | _aFOOD |
| 650 | 0 | 4 | _aSPICES |
| 942 |
_2ddc _cBK |
||
| 999 |
_c11021 _d11021 |
||